| 000 | 00992nam a2200253 a 4500 | ||
|---|---|---|---|
| 008 | 120416s1983 ||||||||||||||||| || u | ||
| 020 | _a0091451809 | ||
| 050 | _aHD 1945 Pri | ||
| 100 | _aPrice, Roger, 1944 Jan. 7- | ||
| 245 | 1 | 4 | _aThe modernization of rural France |
| 246 | _acommunications networks and agricultural market structures in nineteenth-century France | ||
| 260 |
_aLondon _bHutchinson _c1983 |
||
| 300 | _a503 p. : ill. | ||
| 350 | _a0.00 | ||
| 490 | _a[Hutchinson university library] | ||
| 500 | _aSeries statement from jacket. -Includes index. -Bibliography: p. [477]-492. | ||
| 650 | _aTEXTBOOKS | ||
| 650 | _aTransportation--France--History | ||
| 650 | _aAGRICULTURE | ||
| 650 | _aFrance--Economic conditions | ||
| 650 | _aFrance--Rural conditions | ||
| 650 | _aRural development--France--History | ||
| 995 |
_D0.00 _FCBU-MAIN LIBRARY (Kitwe) _H1 _I29.95 _M1 _UAVAILABLE _ZAnnex Low-Usage Collection |
||
| 999 |
_c51538 _d51538 |
||